50 years of football in focus (Record no. 2621)

MARC details
000 -LEADER
fixed length control field 00369nam a22001457a 4500
008 - FIXED-LENGTH DATA ELEMENTS--GENERAL INFORMATION
fixed length control field 250324b |||||||| |||| 00| 0 eng d
020 ## - INTERNATIONAL STANDARD BOOK NUMBER
ISBN 9781906672775
100 ## - MAIN ENTRY--AUTHOR
Author Wares Alan
245 ## - TITLE STATEMENT
Title 50 years of football in focus
260 ## - PUBLICATION, DISTRIBUTION, ETC. (IMPRINT)
Place of publication United kingdom
Name of publisher Ammonite Press
Date of publication 2010
300 ## - COLLATION
Pagination 298p
650 ## - TRACINGS
Main Subject Football-Great Bratain
942 ## - ADDED ENTRY ELEMENTS (KOHA)
Item type Books
050 ## - LIBRARY OF CONGRESS CALL NUMBER
Classification number GV950
Item number .W31
Holdings
Source of classification or shelving scheme Not for loan Permanent location Current location Date acquired Accession No. Full call number Barcode. Koha item type
Library of Congress Classification   Samuel Ogbemudia Main Library, University of Abuja Samuel Ogbemudia Main Library, University of Abuja 03/24/2025 2024/63608 GV950.W37 2025-0909 Books